00000000cam 2200000zi 4500
0019.960238
003CaOODSP
00520260513114214
006m     o  d f      
007cr mn|||||||||
008260223t20262026oncb    ob   f000 0 fre d
020 |a9780660985701
040 |aCaOODSP|bfre|erda|cCaOODSP
043 |an-cn---
0861 |aFA3-105/2026F-PDF
1101 |aCanada. |bBureau du vérificateur général, |eauteur, |eorganisme de publication.
24510|aRapport de la vérificatrice générale du Canada au Conseil des gouverneurs du Centre de recherches pour le développement international : |bexamen spécial - rapport de l'auditeur indépendant.
264 1|a[Ottawa] : |bBureau du vérificateur général du Canada = Office of the Auditor General of Canada, |c2026.
264 4|c©2026
300 |a1 ressource en ligne (iii, 32 pages) : |bcarte en couleur
336 |atexte|btxt|2rdacontent/fre
337 |ainformatique|bc|2rdamedia/fre
338 |aressource en ligne|bcr|2rdacarrier/fre
500 |aPublié aussi en anglais sous le titre : Report of the Auditor General of Canada to the board of governors of the International Development Research Centre : special examination - independent auditor's report.
500 |aTitre de la couverture.
504 |aComprend des références bibliographiques.
61020|aCentre de recherches pour le développement international (Canada)|xAudit.
77508|tReport of the Auditor General of Canada to the board of governors of the International Development Research Centre : |w(CaOODSP)9.960237
795 |tRapport du vérificateur général du Canada au Conseil des gouverneurs du Centre de recherches pour le développement international |w(CaOODSP)9.819129
85640|qPDF|s2.95 Mo|uhttps://publications.gc.ca/collections/collection_2026/bvg-oag/FA3-105-2026-fra.pdf
8564 |qHTML|sS.O.|uhttps://www.canada.ca/fr/verificateur-general/notre-travail/rapports-daudit/examens-speciaux-2026-centre-recherches-pour-developpement-international.html